000 00349nam a2200145Ia 4500
008 200103s9999||||xx |||||||||||||| ||und||
020 _a9780540073443
040 _aIMU-MPC
082 _aColumn-5
100 _aRoy, G J
245 0 _aNotes on instrumentation and control
260 _bLondon Stanford Maritime
_c1983
300 _a141
942 _cBK
999 _c3411
_d3411